000 00641nam a2200169 a 4500
001 000028911
005 20240229073823.0
008 110412s2008 dr 000 0 spa d
040 _aDO-SdBNP
_bspa
_cBNPHU
110 1 _aRepública Dominicana
_bSuprema Corte de Justicia
_97906
245 0 0 _aPolítica de igualdad de género del Poder Judicial Dominicano /
_cpresentación Jorge A. Subero Isa.
260 _aSanto Domingo :
_bSuprema Corte de Justicia,
_c2008
_fEditorial Margraf
300 _a45 p. ;
_c22 cm.
500 _aLa biblioteca posee la reimpresiones del 2008-2011
700 1 _aSubero Isa, Jorge A.,
_d1947-
_976863
049 _aBNPD
999 _c28403
_d28403